|
|
|
|
| LEADER |
00000nam0a2200000 4500 |
| 001 |
364492 |
| 005 |
20231102011708.0 |
| 035 |
|
|
|a (RuTPU)RU\TPU\retro\21850
|
| 090 |
|
|
|a 364492
|
| 100 |
|
|
|a 20211117d1979 km y0rusy50 ca
|
| 101 |
0 |
|
|a rus
|
| 102 |
|
|
|a RU
|
| 105 |
|
|
|a a z 001zy
|
| 200 |
1 |
|
|a Проблемы времени в геологии
|f Академия наук СССР, Дальневосточное отделение, Дальневосточный геологический институт ; отв. ред. В. И. Шульдинер
|
| 210 |
|
|
|a Владивосток
|c Изд-во ДВНЦ АН СССР
|d 1979
|
| 215 |
|
|
|a 151 с.
|c ил.
|
| 320 |
|
|
|a Библиогр. в конце ст.
|
| 606 |
1 |
|
|a Геохронология
|2 stltpush
|3 (RuTPU)RU\TPU\subj\6307
|9 34230
|
| 606 |
1 |
|
|a Геология историческая
|2 stltpush
|3 (RuTPU)RU\TPU\subj\6118
|9 34076
|
| 610 |
1 |
|
|a геологическое время
|
| 610 |
1 |
|
|a истолкование
|
| 610 |
1 |
|
|a временные характеристики
|
| 610 |
1 |
|
|a геологические характеристики
|
| 610 |
1 |
|
|a построение
|
| 610 |
1 |
|
|a стратиграфические исследования
|
| 675 |
|
|
|a 550.93
|v 4
|
| 675 |
|
|
|a 551.7
|v 4
|
| 702 |
|
1 |
|a Шульдинер
|b В. И.
|4 340
|
| 712 |
0 |
2 |
|a Академия наук СССР
|b Дальневосточное отделение
|b Дальневосточный геологический институт
|2 stltpush
|3 (RuTPU)RU\TPU\col\13467
|9 25683
|
| 801 |
|
1 |
|a RU
|b 63413507
|c 20211117
|
| 942 |
|
|
|c BK
|